[Event "Wch Juvenil 2013 sub-16 femenino"]
[Site "Al-Ain UAE"]
[Date "2013.12.25"]
[Round "8.24"]
[White "Mendoza, Shania Mae"]
[Black "Saikhanzaya, Ganbaatar"]
[Result "1/2-1/2"]
[WhiteElo "1867"]
[BlackElo "1939"]
[PlyCount "73"]
[EventDate "2013.12.19"]
[EventType "swiss"]
[EventRounds "11"]
[EventCountry "UAE"]
[Source "lmi"]
[SourceDate "2013.12.19"]

1. e4 e6 2. d4 d5 3. Nc3 dxe4 4. Nxe4 Nf6 5. Bg5 Be7 6. Bxf6 Bxf6 7. Nf3 Nd7 8.
Bd3 c5 9. Nxf6+ Qxf6 10. c3 O-O 11. O-O cxd4 12. Nxd4 e5 13. Nb3 Qb6 14. Bf5
Nf6 15. Bxc8 Raxc8 16. Qe2 Rfe8 17. Rad1 a5 18. Qc2 Rc6 19. Rfe1 Rce6 20. Nd2
e4 21. Nc4 Qc5 22. Ne3 Qg5 23. Qe2 h5 24. Rd4 Ng4 25. Nxg4 hxg4 26. Qe3 Qxe3
27. fxe3 g6 28. Kf2 f5 29. Kg3 Rb6 30. Re2 Kf7 31. Red2 Rc6 32. Rd7+ Re7 33.
Rd8 b6 34. R2d4 Rf6 35. Kf4 Rc6 36. Kg3 Kf6 37. R8d5 1/2-1/2

[Event "Wch Juvenil 2013 sub-16 femenino"]
[Site "Al-Ain UAE"]
[Date "2013.12.25"]
[Round "8.25"]
[White "Baghirova, Khatin"]
[Black "Machlik, Monika"]
[Result "1-0"]
[WhiteElo "1838"]
[BlackElo "1936"]
[PlyCount "75"]
[EventDate "2013.12.19"]
[EventType "swiss"]
[EventRounds "11"]
[EventCountry "UAE"]
[Source "lmi"]
[SourceDate "2013.12.19"]

1. e4 Nf6 2. e5 Nd5 3. d4 d6 4. c4 Nb6 5. exd6 exd6 6. Nc3 Nc6 7. Be3 Be7 8.
Bd3 O-O 9. Nge2 Nb4 10. b3 Nxd3+ 11. Qxd3 Bf6 12. O-O Re8 13. Ne4 Bf5 14. Nxf6+
Qxf6 15. Qd2 d5 16. Rac1 dxc4 17. bxc4 c6 18. Rfe1 h6 19. Qb4 Qe7 20. Qb3 Qd7
21. a4 Nc8 22. Nf4 Ne7 23. Qb2 Bh7 24. Bd2 Nf5 25. d5 cxd5 26. Nxd5 Rac8 27.
Qb3 Rc6 28. Qxb7 Qc8 29. Rxe8+ Qxe8 30. Re1 Qc8 31. Qxc8+ Rxc8 32. g4 Nh4 33.
Ne7+ Kf8 34. Nxc8 Nf3+ 35. Kg2 Nxd2 36. Rd1 Be4+ 37. Kg3 Bb7 38. Rxd2 1-0

[Event "Wch Juvenil 2013 sub-16 femenino"]
[Site "Al-Ain UAE"]
[Date "2013.12.25"]
[Round "8.26"]
[White "Paramzina, Anastasya"]
[Black "Drogovoz, Maria"]
[Result "1/2-1/2"]
[WhiteElo "2111"]
[BlackElo "1898"]
[PlyCount "91"]
[EventDate "2013.12.19"]
[EventType "swiss"]
[EventRounds "11"]
[EventCountry "UAE"]
[Source "lmi"]
[SourceDate "2013.12.19"]

1. e4 c5 2. Nf3 Nc6 3. d4 cxd4 4. Nxd4 e5 5. Nb5 d6 6. c4 Be7 7. N1c3 a6 8. Na3
f5 9. g3 Nf6 10. Bg2 O-O 11. O-O fxe4 12. Nxe4 Nxe4 13. Bxe4 Bf5 14. Bd5+ Kh8
15. Nc2 Bxc2 16. Qxc2 Bg5 17. Qd1 Bxc1 18. Rxc1 Nd4 19. b3 Qa5 20. Ra1 Qb4 21.
Be4 Rf6 22. Qh5 g6 23. Qg4 Raf8 24. h4 Qd2 25. Qd1 Qb2 26. Qc1 Qe2 27. Qe1 Qg4
28. Qe3 Ne2+ 29. Kh2 Nxg3 30. Qxg3 Qxe4 31. Rae1 Qd4 32. f3 Rf4 33. Kg2 Rxh4
34. Rd1 Qf4 35. Rxd6 e4 36. Rd7 exf3+ 37. Rxf3 Qxf3+ 38. Qxf3 Rxf3 39. Kxf3 Rh2
40. Rxb7 Rxa2 41. c5 Rc2 42. b4 Rc4 43. Ke3 h5 44. Kd3 Rc1 45. Kd2 Rc4 46. Kd3
1/2-1/2

[Event "Wch Juvenil 2013 sub-16 femenino"]
[Site "Al-Ain UAE"]
[Date "2013.12.25"]
[Round "8.30"]
[White "Hiebler, Laura"]
[Black "Fuskova, Martina"]
[Result "1-0"]
[WhiteElo "1840"]
[BlackElo "1969"]
[PlyCount "101"]
[EventDate "2013.12.19"]
[EventType "swiss"]
[EventRounds "11"]
[EventCountry "UAE"]
[Source "lmi"]
[SourceDate "2013.12.19"]

1. c4 e5 2. Nc3 Nc6 3. g3 Nf6 4. Bg2 Bc5 5. e3 d5 6. Nxd5 Nxd5 7. cxd5 Nb4 8.
Qb3 c6 9. d4 exd4 10. exd4 Be7 11. dxc6 bxc6 12. Ne2 Ba6 13. O-O O-O 14. Re1
Rb8 15. Bf4 Rb6 16. Qc3 Nd3 17. Red1 Nxb2 18. Rdb1 Na4 19. Qc2 Bxe2 20. Qxa4
Bf6 21. Be5 Bxe5 22. dxe5 Ra6 23. Qb4 Re8 24. Re1 Rxe5 25. Qb2 Qe8 26. Bf1 Rb6
27. Qd2 Rbb5 28. Rxe2 Rbd5 29. Rxe5 Qxe5 30. Re1 Rxd2 31. Rxe5 Kf8 32. Bc4 f6
33. Rc5 Rd6 34. Kf1 Ke7 35. Ke2 Kd8 36. Ra5 Rd7 37. Ra6 Rc7 38. Ke3 Kd7 39. Kd4
Kd6 40. f4 g6 41. Bb3 g5 42. Ba4 h6 43. Ke4 gxf4 44. Kxf4 Kd5 45. Rxc6 Rb7 46.
Ra6 Rb2 47. Bb3+ Kd4 48. h3 Rf2+ 49. Kg4 Ke5 50. Ra5+ Kd6 51. Rf5 1-0

[Event "Wch Juvenil 2013 sub-16 femenino"]
[Site "Al-Ain UAE"]
[Date "2013.12.25"]
[Round "8.31"]
[White "Serefidou, Despina"]
[Black "Narzikulova, Gulhae"]
[Result "1-0"]
[WhiteElo "1958"]
[BlackElo "1769"]
[PlyCount "75"]
[EventDate "2013.12.19"]
[EventType "swiss"]
[EventRounds "11"]
[EventCountry "UAE"]
[Source "lmi"]
[SourceDate "2013.12.19"]

1. e4 c5 2. Nf3 e6 3. d4 cxd4 4. Nxd4 a6 5. Bd3 Bc5 6. Nb3 Ba7 7. Qg4 Nf6 8.
Qg3 d6 9. Bg5 Nc6 10. Nc3 Ne5 11. O-O h6 12. Be3 Nh5 13. Qh3 Bxe3 14. Qxe3 Ng4
15. Qd2 Qb6 16. Rad1 O-O 17. h3 Ne5 18. Be2 Nf6 19. Qxd6 Nc6 20. Qg3 a5 21. e5
Nd7 22. Na4 Qb4 23. Qg4 Qxg4 24. hxg4 Ncxe5 25. f4 Ng6 26. Bb5 Nf6 27. Nb6 Ra7
28. f5 Ne5 29. Rf4 Nexg4 30. Rc4 Ne3 31. Rxc8 Nxd1 32. Rxf8+ Kxf8 33. Kf1 Nd5
34. Nxd5 exd5 35. a4 b6 36. Ke2 Ke7 37. Kxd1 Kd6 38. Kd2 1-0

[Event "Wch Juvenil 2013 sub-16 femenino"]
[Site "Al-Ain UAE"]
[Date "2013.12.25"]
[Round "8.32"]
[White "Bermudez Veliz, Josselyn"]
[Black "Tursunova, Shakhnoza"]
[Result "0-1"]
[WhiteElo "1679"]
[BlackElo "1937"]
[PlyCount "118"]
[EventDate "2013.12.19"]
[EventType "swiss"]
[EventRounds "11"]
[EventCountry "UAE"]
[Source "lmi"]
[SourceDate "2013.12.19"]

1. Nf3 Nf6 2. g3 g6 3. Bg2 Bg7 4. O-O c5 5. c4 O-O 6. e3 d5 7. cxd5 Nxd5 8. d4
Nc6 9. Nc3 Nxc3 10. bxc3 Qc7 11. Bb2 Rd8 12. Qc2 Na5 13. Rac1 Be6 14. Ba3 b6
15. Nd2 Rac8 16. dxc5 Rxd2 17. Qxd2 Nc4 18. Qd1 Nxa3 19. cxb6 axb6 20. Qa4 Nc4
21. Qb4 Nd6 22. Rc2 Bxc3 23. Qa3 Bf5 24. e4 Bxe4 25. Bxe4 Nxe4 26. Re2 Nd6 27.
Rc1 e5 28. Rxe5 Bxe5 29. Rxc7 Rxc7 30. Kg2 Nc4 31. Qa8+ Kg7 32. Qd5 Rc5 33. Qe4
b5 34. f4 Bc3 35. g4 h6 36. h4 b4 37. g5 hxg5 38. hxg5 Nd2 39. Qd3 Ra5 40. Qc2
Ne4 41. Kf3 Nd6 42. Ke3 Nf5+ 43. Ke4 Nd6+ 44. Ke3 Nc4+ 45. Kf3 Rd5 46. Kg3 Rd4
47. f5 gxf5 48. Qxf5 Rd2 49. Qc8 Na3 50. Qa6 Rd1 51. Kf3 Rg1 52. Qh6+ Kg8 53.
Kf2 Bd4+ 54. Kf3 Nc4 55. Qh4 Ne5+ 56. Ke2 Rg2+ 57. Kd1 Bc3 58. Kc1 Nd3+ 59. Kd1
Rd2# 0-1

[Event "Wch Juvenil 2013 sub-16 femenino"]
[Site "Al-Ain UAE"]
[Date "2013.12.25"]
[Round "8.33"]
[White "Golubeva, Marija"]
[Black "Schnegg, Anna-Lena"]
[Result "1-0"]
[WhiteElo "1825"]
[BlackElo "2075"]
[PlyCount "87"]
[EventDate "2013.12.19"]
[EventType "swiss"]
[EventRounds "11"]
[EventCountry "UAE"]
[Source "lmi"]
[SourceDate "2013.12.19"]

1. e4 e5 2. Nf3 Nc6 3. Bb5 a6 4. Ba4 Nf6 5. O-O Be7 6. Bxc6 dxc6 7. Nxe5 Nxe4
8. d4 O-O 9. Be3 Be6 10. f4 Nd6 11. Nc3 f6 12. Nf3 Nc4 13. Qc1 Bf5 14. Re1 Bd6
15. Nh4 Qd7 16. g3 Bg4 17. Ne4 Rae8 18. Nf2 Be6 19. a3 Bf7 20. b3 Nxe3 21. Rxe3
c5 22. Rd3 cxd4 23. Rxd4 Qc6 24. Qd2 Bc5 25. Rd3 Qe6 26. Kf1 Re7 27. f5 Qb6 28.
Rd8 Be3 29. Rxf8+ Kxf8 30. Qb4 Bxf2 31. Qd2 Qd4 32. Rd1 Re1+ 33. Qxe1 Bxe1 34.
Rxd4 Bc3 35. Rd3 Bb2 36. a4 c5 37. Rd7 b5 38. axb5 axb5 39. Rb7 b4 40. Rc7 Bd4
41. Nf3 Bd5 42. Nxd4 cxd4 43. Ke2 Be4 44. g4 1-0

[Event "Wch Juvenil 2013 sub-16 femenino"]
[Site "Al-Ain UAE"]
[Date "2013.12.25"]
[Round "8.34"]
[White "Giblon, Rebecca"]
[Black "Wafa, Shrook"]
[Result "0-1"]
[WhiteElo "1715"]
[BlackElo "2010"]
[PlyCount "94"]
[EventDate "2013.12.19"]
[EventType "swiss"]
[EventRounds "11"]
[EventCountry "UAE"]
[Source "lmi"]
[SourceDate "2013.12.19"]

1. e4 Nc6 2. Nf3 e5 3. d4 exd4 4. Nxd4 Bc5 5. Be3 Nxd4 6. Bxd4 Bxd4 7. Qxd4 Qg5
8. Nc3 Ne7 9. Nb5 Kd8 10. h4 Qf6 11. Qxf6 gxf6 12. Bc4 Rf8 13. O-O-O a6 14. Nc3
b5 15. Be2 c6 16. Rd6 f5 17. e5 Kc7 18. Rf6 Bb7 19. Bh5 c5 20. f3 Rad8 21. Bxf7
Ng8 22. Bxg8 Rxf6 23. exf6 Rxg8 24. Re1 Kd6 25. h5 Rf8 26. Re7 h6 27. Rg7 Rxf6
28. Ne2 f4 29. Kd2 Bd5 30. Nxf4 Rxf4 31. Rg6+ Ke5 32. Rxh6 Rh4 33. Ke3 Rh2 34.
Kf2 Bf7 35. Rxa6 Rxh5 36. Ra5 Kd4 37. Rxb5 Bxa2 38. b4 Bc4 39. Rb7 cxb4 40.
Rxd7+ Kc3 41. Rb7 Rd5 42. Ke3 Re5+ 43. Kf4 Re2 44. g4 Rxc2 45. g5 b3 46. g6 b2
47. g7 Rg2 0-1

[Event "Wch Juvenil 2013 sub-16 femenino"]
[Site "Al-Ain UAE"]
[Date "2013.12.25"]
[Round "8.35"]
[White "Menzi, Nezihe Ezgi"]
[Black "Ghaemmaghami, Pegah"]
[Result "1-0"]
[WhiteElo "1925"]
[BlackElo "1723"]
[PlyCount "42"]
[EventDate "2013.12.19"]
[EventType "swiss"]
[EventRounds "11"]
[EventCountry "UAE"]
[Source "lmi"]
[SourceDate "2013.12.19"]

1. e4 e6 2. d4 d5 3. Nc3 Nf6 4. e5 Nfd7 5. f4 c5 6. Nf3 Nc6 7. Be3 Be7 8. Qd2
O-O 9. dxc5 Bxc5 10. Bxc5 Nxc5 11. O-O-O Qa5 12. Kb1 Rd8 13. Bd3 Bd7 14. Rhf1
Nb4 15. Nd4 Ba4 16. b3 Bc6 17. f5 exf5 18. Nxf5 d4 19. Qg5 Ne6 20. Nh6+ Kh8 21.
Nxf7+ Kg8 1-0

[Event "Wch Juvenil 2013 sub-16 femenino"]
[Site "Al-Ain UAE"]
[Date "2013.12.25"]
[Round "8.36"]
[White "Smaraki, Mohanty"]
[Black "Mithran, Mirakla"]
[Result "1-0"]
[WhiteElo "1837"]
[BlackElo "1655"]
[PlyCount "66"]
[EventDate "2013.12.19"]
[EventType "swiss"]
[EventRounds "11"]
[EventCountry "UAE"]
[Source "lmi"]
[SourceDate "2013.12.19"]

1. c4 f5 2. Nc3 Nf6 3. g3 e6 4. Bg2 Be7 5. Nf3 O-O 6. O-O d6 7. d4 Bd7 8. Re1
Qe8 9. a3 Bc6 10. d5 exd5 11. cxd5 Bd7 12. Nd4 c6 13. dxc6 Nxc6 14. Ndb5 Rc8
15. Bf4 Ne5 16. Nxd6 Bxd6 17. Qxd6 Nf7 18. Qd3 g5 19. Bd2 b6 20. e4 Qe6 21.
exf5 Qxf5 22. Qxf5 Bxf5 23. h3 Rc7 24. g4 Bg6 25. Nb5 Rd7 26. Bc3 Nd5 27. Bxd5
Rxd5 28. Nxa7 Nd6 29. Nc6 Rd3 30. Ne7+ Kf7 31. Nxg6 hxg6 32. Rad1 Rxd1 33. Rxd1
Ke6 1-0

[Event "Wch Juvenil 2013 sub-16 femenino"]
[Site "Al-Ain UAE"]
[Date "2013.12.25"]
[Round "8.37"]
[White "Alboredo, Julia"]
[Black "Kahanda, I D S."]
[Result "1-0"]
[WhiteElo "1830"]
[BlackElo "1647"]
[PlyCount "71"]
[EventDate "2013.12.19"]
[EventType "swiss"]
[EventRounds "11"]
[EventCountry "UAE"]
[Source "lmi"]
[SourceDate "2013.12.19"]

1. e4 e5 2. Nf3 Nc6 3. Bc4 Bc5 4. c3 Nf6 5. d3 d6 6. Bb3 Bg4 7. Nbd2 O-O 8. Nf1
Kh8 9. Bg5 Be6 10. Ng3 h6 11. Be3 Bb6 12. h3 d5 13. Qe2 d4 14. Bd2 Bxb3 15.
axb3 Qd6 16. Nf5 Qe6 17. c4 Bc5 18. g4 Nb4 19. Kf1 Ng8 20. h4 Nc6 21. h5 f6 22.
N3h4 Rfb8 23. f4 b5 24. g5 fxg5 25. fxg5 hxg5 26. Bxg5 bxc4 27. h6 g6 28. Ng7
Rf8+ 29. Kg2 Qd6 30. bxc4 Rf7 31. Raf1 Raf8 32. Rxf7 Rxf7 33. Rf1 Rxf1 34. Qxf1
Nge7 35. Qf7 Qd7 36. Ne6 1-0

[Event "Wch Juvenil 2013 sub-16 femenino"]
[Site "Al-Ain UAE"]
[Date "2013.12.25"]
[Round "8.38"]
[White "Suchomelova, Simona"]
[Black "Fisher, Michelle M"]
[Result "1-0"]
[WhiteElo "1827"]
[BlackElo "1627"]
[PlyCount "122"]
[EventDate "2013.12.19"]
[EventType "swiss"]
[EventRounds "11"]
[EventCountry "UAE"]
[Source "lmi"]
[SourceDate "2013.12.19"]

1. e4 c5 2. Nf3 Nc6 3. d4 cxd4 4. Nxd4 g6 5. c4 Nf6 6. Nc3 d6 7. Be2 Nxd4 8.
Qxd4 Bg7 9. Qd3 O-O 10. O-O a5 11. Be3 a4 12. Rac1 Be6 13. Rfd1 Qa5 14. Nb5
Rfc8 15. Nd4 Bd7 16. Bf3 Bg4 17. h3 Bxf3 18. Nxf3 Nd7 19. Bd4 Bh6 20. Rc2 Nc5
21. Qe2 Ne6 22. Be3 Bxe3 23. Qxe3 Qb4 24. Rdc1 Rc7 25. e5 Rac8 26. exd6 Qxd6
27. Rc3 Nf4 28. Ng5 Ne6 29. Re1 Qd4 30. Nxf7 Qxe3 31. Rcxe3 Kxf7 32. Rxe6 Rd8
33. R1e4 Rdc8 34. Kf1 b5 35. cxb5 Rc1+ 36. Re1 Rxe1+ 37. Rxe1 Rc2 38. Re4 Rxb2
39. Rxa4 Rxb5 40. g3 Ke6 41. Ke2 Kd6 42. Kd3 Rb2 43. Ke3 Rb5 44. Rh4 Ra5 45.
Rxh7 Rxa2 46. Rh6 Ra3+ 47. Ke2 Ke5 48. Rxg6 Ra2+ 49. Kf3 Kf5 50. Rg8 Ra3+ 51.
Kg2 Kf6 52. h4 Kf7 53. Rg4 e5 54. h5 Kf6 55. Rb4 Ra7 56. g4 Rh7 57. Kg3 Kg5 58.
Rb6 Rh6 59. Rxh6 Kxh6 60. Kh4 Kg7 61. Kg5 e4 1-0

[Event "Wch Juvenil 2013 sub-16 femenino"]
[Site "Al-Ain UAE"]
[Date "2013.12.25"]
[Round "8.39"]
[White "Bulmaga, Elena"]
[Black "Ahmadova, Fatima"]
[Result "1-0"]
[WhiteElo "1820"]
[BlackElo "1634"]
[PlyCount "67"]
[EventDate "2013.12.19"]
[EventType "swiss"]
[EventRounds "11"]
[EventCountry "UAE"]
[Source "lmi"]
[SourceDate "2013.12.19"]

1. e4 c5 2. c3 e6 3. d4 d5 4. e5 Nc6 5. Nf3 Qb6 6. a3 Nge7 7. Bd3 Bd7 8. Bc2 g6
9. O-O Bg7 10. b4 cxd4 11. cxd4 O-O 12. Nc3 Rac8 13. Na4 Qc7 14. Nc5 b6 15. Na6
Qb7 16. b5 Nb8 17. Nxb8 Bxb5 18. Bd3 Bxd3 19. Qxd3 Qxb8 20. Bg5 Qb7 21. h4 h6
22. Bf6 Kh8 23. Qd2 Kh7 24. Qf4 Ng8 25. g4 Qd7 26. Kg2 Qc7 27. Rac1 Qd7 28.
Rxc8 Rxc8 29. h5 Bxf6 30. hxg6+ fxg6 31. exf6 g5 32. Nxg5+ Kg6 33. Nf3 Nxf6 34.
Ne5+ 1-0

[Event "Wch Juvenil 2013 sub-16 femenino"]
[Site "Al-Ain UAE"]
[Date "2013.12.25"]
[Round "8.40"]
[White "Du Toit, Sune"]
[Black "Trippold, Denise"]
[Result "1/2-1/2"]
[WhiteElo "1728"]
[BlackElo "1789"]
[PlyCount "51"]
[EventDate "2013.12.19"]
[EventType "swiss"]
[EventRounds "11"]
[EventCountry "UAE"]
[Source "lmi"]
[SourceDate "2013.12.19"]

1. d4 Nf6 2. c4 e6 3. Nf3 b6 4. g3 Ba6 5. Qc2 Bb7 6. Bg2 c5 7. e3 Be7 8. O-O
O-O 9. Nc3 d6 10. b3 Nbd7 11. Bb2 Rc8 12. Qe2 a6 13. Rfd1 Qc7 14. Rac1 Qb8 15.
Nh4 cxd4 16. exd4 Rfe8 17. Nf3 d5 18. cxd5 Nxd5 19. Nxd5 exd5 20. Qd2 Nf6 21.
Ne5 h6 22. Rxc8 Rxc8 23. Rc1 Rxc1+ 24. Qxc1 Qc8 25. Qxc8+ Bxc8 26. Kf1 1/2-1/2

[Event "Wch Juvenil 2013 sub-16 femenino"]
[Site "Al-Ain UAE"]
[Date "2013.12.25"]
[Round "8.41"]
[White "Wen, Jessica"]
[Black "Head, Louise"]
[Result "0-1"]
[WhiteElo "1646"]
[BlackElo "1786"]
[PlyCount "48"]
[EventDate "2013.12.19"]
[EventType "swiss"]
[EventRounds "11"]
[EventCountry "UAE"]
[Source "lmi"]
[SourceDate "2013.12.19"]

1. e4 c6 2. d4 d5 3. exd5 cxd5 4. Bd3 Nc6 5. c3 g6 6. Bf4 Bg7 7. Nd2 Nh6 8.
Ngf3 O-O 9. Qc2 Bf5 10. Bxf5 Nxf5 11. g4 Nd6 12. h4 Re8 13. Kf1 Qd7 14. Nh2 e5
15. dxe5 Bxe5 16. Bxe5 Nxe5 17. Rg1 Qb5+ 18. Kg2 Qc6 19. Ndf3 d4 20. Rad1 d3
21. Qc1 Ndc4 22. b3 d2 23. Qc2 Nxf3 24. Nxf3 Ne5 0-1

[Event "Wch Juvenil 2013 sub-16 femenino"]
[Site "Al-Ain UAE"]
[Date "2013.12.25"]
[Round "8.42"]
[White "Samudin, Elina"]
[Black "Munoz, Claudia"]
[Result "1-0"]
[WhiteElo "1564"]
[BlackElo "1781"]
[PlyCount "69"]
[EventDate "2013.12.19"]
[EventType "swiss"]
[EventRounds "11"]
[EventCountry "UAE"]
[Source "lmi"]
[SourceDate "2013.12.19"]

1. e4 e6 2. d4 d5 3. Nd2 Nf6 4. e5 Nfd7 5. f4 c5 6. c3 Nc6 7. Ndf3 Qb6 8. g3
cxd4 9. cxd4 Bb4+ 10. Kf2 f6 11. Kg2 O-O 12. Bd3 h6 13. Ne2 Rf7 14. Bg6 Rf8 15.
Bc2 f5 16. Rg1 Kf7 17. Kh1 Rg8 18. g4 g6 19. gxf5 exf5 20. Qf1 Bf8 21. h4 Ne7
22. h5 gxh5 23. Rxg8 Kxg8 24. Qh3 Nb8 25. Bb3 Be6 26. Be3 Bf7 27. Rg1+ Kh8 28.
Bf2 Nbc6 29. Bh4 Bg7 30. Bf6 Rg8 31. Qh4 Ng6 32. Qxh5 Nf8 33. Qxh6+ Nh7 34.
Bxg7+ Rxg7 35. Qxg7# 1-0

[Event "Wch Juvenil 2013 sub-16 femenino"]
[Site "Al-Ain UAE"]
[Date "2013.12.25"]
[Round "8.44"]
[White "Poteat, Lilia M"]
[Black "Jacobsen, Caroline Beer"]
[Result "1-0"]
[WhiteElo "1866"]
[BlackElo "1621"]
[PlyCount "53"]
[EventDate "2013.12.19"]
[EventType "swiss"]
[EventRounds "11"]
[EventCountry "UAE"]
[Source "lmi"]
[SourceDate "2013.12.19"]

1. e4 e5 2. Nf3 Nc6 3. Bb5 a6 4. Ba4 Nf6 5. O-O Be7 6. Bxc6 dxc6 7. Qe1 Nd7 8.
d4 Bf6 9. dxe5 Nxe5 10. Nxe5 Bxe5 11. f4 Qd4+ 12. Kh1 Bd6 13. c3 Qa7 14. e5 Bc5
15. b4 Bb6 16. f5 Rf8 17. Qg3 g6 18. Bh6 Rg8 19. e6 f6 20. Nd2 a5 21. Ne4 Ke7
22. Qh4 Bd4 23. cxd4 Qxd4 24. Rad1 Qe5 25. Nxf6 Qxf6 26. Bg5 Qxg5 27. Qxg5+ 1-0

[Event "Wch Juvenil 2013 sub-16 femenino"]
[Site "Al-Ain UAE"]
[Date "2013.12.25"]
[Round "8.48"]
[White "Breedt, Shade"]
[Black "Shao, Stephanie"]
[Result "0-1"]
[WhiteElo "1638"]
[BlackElo "1673"]
[PlyCount "72"]
[EventDate "2013.12.19"]
[EventType "swiss"]
[EventRounds "11"]
[EventCountry "UAE"]
[Source "lmi"]
[SourceDate "2013.12.19"]

1. e4 e6 2. d3 d5 3. Nd2 Nf6 4. Ngf3 Nc6 5. g3 Bc5 6. Bg2 dxe4 7. dxe4 e5 8.
O-O O-O 9. a3 a5 10. h3 b6 11. g4 Qd6 12. Qe2 Ba6 13. c4 Nd4 14. Nxd4 Bxd4 15.
Nb3 c5 16. Rd1 Rac8 17. Nxd4 cxd4 18. b3 a4 19. Bd2 Qc6 20. f4 axb3 21. fxe5
Nd7 22. Qf2 Nxe5 23. Qxd4 Qc5 24. Bb4 Qxd4+ 25. Rxd4 Nc6 26. Rd6 Nxb4 27. axb4
Bxc4 28. Bf1 b2 29. Rb1 Bxf1 30. Kxf1 Rc2 31. Ke1 Rfc8 32. Rd2 Rc1+ 33. Rd1
Rxb1 34. Rxb1 Rc1+ 35. Kd2 Rxb1 36. Kc2 Re1 0-1

[Event "Wch Juvenil 2013 sub-16 femenino"]
[Site "Al-Ain UAE"]
[Date "2013.12.25"]
[Round "8.49"]
[White "Mendez Tovar, Rosario Trin"]
[Black "Methmani, Nelunika"]
[Result "1-0"]
[WhiteElo "1612"]
[BlackElo "1672"]
[PlyCount "81"]
[EventDate "2013.12.19"]
[EventType "swiss"]
[EventRounds "11"]
[EventCountry "UAE"]
[Source "lmi"]
[SourceDate "2013.12.19"]

1. d4 Nf6 2. c4 g6 3. Nc3 Bg7 4. e4 d6 5. Be2 O-O 6. g4 c5 7. g5 Nfd7 8. d5 Re8
9. h4 e6 10. Nb5 Nb6 11. Qc2 exd5 12. cxd5 Qe7 13. h5 a6 14. h6 Bh8 15. Nc3
N6d7 16. Nh3 b5 17. f3 Bd4 18. Bf4 Ne5 19. a3 Nbd7 20. Bd2 Nb6 21. Nf2 b4 22.
axb4 cxb4 23. Na4 Nxd5 24. f4 Nd7 25. Qc4 Ne3 26. Qd3 Ng2+ 27. Kf1 Ba7 28. Kxg2
Bb7 29. Be3 Nc5 30. Nxc5 dxc5 31. Bf3 Rad8 32. Qc4 Qc7 33. Ng4 Re6 34. Nf6+ Kh8
35. Rhd1 Red6 36. Rac1 Bb8 37. Qxc5 Qxc5 38. Bxc5 Rd2+ 39. Kg3 Rxb2 40. Be7 Rd3
41. Bf8 1-0

[Event "Wch Juvenil 2013 sub-16 femenino"]
[Site "Al-Ain UAE"]
[Date "2013.12.25"]
[Round "8.50"]
[White "Fortunata, Fransisca"]
[Black "Messaoui, Amira"]
[Result "0-1"]
[WhiteElo "2117"]
[BlackElo "1605"]
[PlyCount "102"]
[EventDate "2013.12.19"]
[EventType "swiss"]
[EventRounds "11"]
[EventCountry "UAE"]
[Source "lmi"]
[SourceDate "2013.12.19"]

1. e4 e5 2. Nf3 Nc6 3. Bc4 Bc5 4. Nc3 Nf6 5. d3 d6 6. h3 h6 7. O-O Be6 8. Bb3
O-O 9. Be3 Bb6 10. d4 exd4 11. Nxd4 Nxd4 12. Bxd4 Bxd4 13. Qxd4 c5 14. Qd3 Rc8
15. Nd5 a6 16. Rad1 b5 17. c4 Bxd5 18. exd5 b4 19. Rfe1 Re8 20. Ba4 Rxe1+ 21.
Rxe1 Qa5 22. Qf5 Rf8 23. b3 Qc7 24. Re3 Nh7 25. Qf3 Qd8 26. Qe2 Nf6 27. Re7 Qb6
28. g4 a5 29. h4 Qd8 30. f3 g5 31. hxg5 hxg5 32. Qe3 Nh7 33. Bd7 Kh8 34. Bf5
Nf6 35. Rb7 Nh7 36. Rd7 Qf6 37. Qe2 Qd4+ 38. Kg2 Qf6 39. Kg3 Kg7 40. Bxh7 Kxh7
41. Qe4+ Kg7 42. Qf5 Qh6 43. Kg2 Kg8 44. Ra7 Kg7 45. Rxa5 Rh8 46. Kf2 Qh2+ 47.
Ke3 Re8+ 48. Qe4 Rxe4+ 49. fxe4 Qf4+ 50. Kd3 Qxg4 51. Ra6 Qf3+ 0-1

[Event "Wch Juvenil 2013 sub-16 femenino"]
[Site "Al-Ain UAE"]
[Date "2013.12.25"]
[Round "8.51"]
[White "Mira, Sarhan"]
[Black "Liscinska, Jana"]
[Result "0-1"]
[WhiteElo "1312"]
[BlackElo "1643"]
[PlyCount "114"]
[EventDate "2013.12.19"]
[EventType "swiss"]
[EventRounds "11"]
[EventCountry "UAE"]
[Source "lmi"]
[SourceDate "2013.12.19"]

1. d4 Nf6 2. Nf3 g6 3. e3 Bg7 4. Bd3 O-O 5. b3 d6 6. Bb2 Nc6 7. a3 Re8 8. Nbd2
e5 9. dxe5 dxe5 10. Ne4 Nd7 11. Rb1 Nb6 12. Bb5 Qxd1+ 13. Rxd1 Bf5 14. Nfd2
Red8 15. Bxc6 bxc6 16. f3 h5 17. h3 h4 18. Rc1 Rd7 19. Nc5 Rdd8 20. e4 Bc8 21.
Nb1 f6 22. O-O Bh6 23. Rce1 Kf7 24. a4 Nd7 25. Nxd7 Rxd7 26. Rd1 Be3+ 27. Kh1
Rd6 28. Ba3 c5 29. Bb2 Ba6 30. Rxd6 cxd6 31. Rd1 Ke7 32. c4 Rb8 33. Rd3 Bd4 34.
Bxd4 cxd4 35. Nd2 Bc8 36. Kg1 f5 37. Kf2 a5 38. Ke2 Bd7 39. Kf2 Rc8 40. Ke2 Rf8
41. Ke1 fxe4 42. fxe4 Bc6 43. Ke2 Rf4 44. Rf3 g5 45. Kf2 Kf6 46. Ke2 Ke7 47.
Kf2 Kd8 48. Ke2 Kc7 49. Rxf4 gxf4 50. Kd3 Kb6 51. Kc2 Kc5 52. Kc1 Kb4 53. Kb2
d3 54. Kc1 Kc3 55. Kd1 Be8 56. Kc1 Bh5 57. b4 Kxb4 0-1

[Event "Wch Juvenil 2013 sub-16 femenino"]
[Site "Al-Ain UAE"]
[Date "2013.12.26"]
[Round "9.1"]
[White "Mahalakshmi, M."]
[Black "Khademalsharieh, Sarasadat"]
[Result "0-1"]
[WhiteElo "2110"]
[BlackElo "2298"]
[PlyCount "54"]
[EventDate "2013.12.19"]
[EventType "swiss"]
[EventRounds "11"]
[EventCountry "UAE"]
[Source "lmi"]
[SourceDate "2013.12.19"]

1. d4 Nf6 2. c4 e6 3. Nc3 Bb4 4. Qc2 O-O 5. a3 Bxc3+ 6. Qxc3 b6 7. Bg5 Bb7 8.
e3 d6 9. f3 h6 10. Bh4 Re8 11. Nh3 Nbd7 12. Be2 e5 13. O-O Qe7 14. Bf2 d5 15.
Rad1 e4 16. f4 dxc4 17. Bxc4 Bd5 18. Be2 Be6 19. Qxc7 Rac8 20. Qb7 Rc2 21. Rfe1
Rxb2 22. Qxa7 Rc8 23. Rb1 Rxb1 24. Rxb1 Nd5 25. Qa6 Nb8 26. Qa8 Nc3 27. Re1 Bd5
0-1

[Event "Wch Juvenil 2013 sub-16 femenino"]
[Site "Al-Ain UAE"]
[Date "2013.12.26"]
[Round "9.2"]
[White "Osmak, Iulija"]
[Black "Gu, Tianlu"]
[Result "1/2-1/2"]
[WhiteElo "2212"]
[BlackElo "2128"]
[PlyCount "115"]
[EventDate "2013.12.19"]
[EventType "swiss"]
[EventRounds "11"]
[EventCountry "UAE"]
[Source "lmi"]
[SourceDate "2013.12.19"]

1. e4 c5 2. c3 b6 3. d4 Bb7 4. Bd3 Nf6 5. Qe2 cxd4 6. cxd4 Nc6 7. Nf3 Nb4 8.
Nc3 Nxd3+ 9. Qxd3 e6 10. O-O Rc8 11. e5 Nd5 12. Bg5 f6 13. exf6 gxf6 14. Bd2
Nxc3 15. Bxc3 Bd5 16. Rfe1 Bd6 17. Nd2 Qc7 18. Ne4 Bxh2+ 19. Kh1 Qf4 20. Qf3
Qxf3 21. gxf3 Bxe4 22. fxe4 Bf4 23. Kg2 h5 24. Kf3 Bd6 25. Rh1 Kf7 26. Rh3 b5
27. a3 Rc4 28. Ke2 Be7 29. Rah1 h4 30. Rxh4 Rxh4 31. Rxh4 Bxa3 32. Rh7+ Ke8 33.
Kd3 Bf8 34. b3 Rc7 35. f4 b4 36. Bb2 Rc6 37. d5 exd5 38. exd5 Rc5 39. Bxf6
Rxd5+ 40. Kc4 Rf5 41. Be5 d6 42. Bd4 d5+ 43. Kd3 Rxf4 44. Rxa7 Rf3+ 45. Ke2 Rf4
46. Kd3 Be7 47. Ra5 Rf5 48. Bc5 Rf3+ 49. Ke2 Rc3 50. Bxe7 Kxe7 51. Rxd5 Rxb3
52. Rd3 Ra3 53. Kd2 Ra2+ 54. Kc1 Ke6 55. Rd4 Ra4 56. Kb2 Ke5 57. Rd8 Ra3 58.
Rb8 1/2-1/2